| 000 | 004730000a22001690004500 | ||
|---|---|---|---|
| 003 | MACL | ||
| 005 | 20160228121314.0 | ||
| 008 | 160228b xxu||||| |||| 00| 0 eng d | ||
| 040 |
_aMACL _cMACL |
||
| 041 | _aHindi | ||
| 082 | _a800 | ||
| 245 | _aबच्चन के विशिष्ट पत्र | ||
| 260 |
_bप्रभात प्रकाशन _c1984 _aदिल्ली |
||
| 350 | _a30 | ||
| 650 |
_aLiteracture _939932 |
||
| 942 |
_cHIN _k800 _2ddc |
||
| 999 |
_c27669 _d27669 |
||